000 00424nam a2200181Ia 4500
008 210210b1965 xxu||||| |||| 00| 0 eng d
041 _aeng
082 _a829/1031
100 _aStevenson (R L)
245 _aTreasure Island: Green Ed
260 _aLondon
_bMacmillan & Co. Ltd.
_c1965
650 _aTreasure
650 _aIsland:
650 _aGreen
650 _aEd
690 _aEnglish Fiction
906 _a017646
999 _c137630
_d137630